000 00887nam a22002177a 4500
005 20220218141750.0
008 220216b ||||| |||| 00| 0 eng d
020 _a9789381645055
040 _cAloy
041 _akan
082 _223
_a001.42K
_bPOOS
100 _aM Chandra Poojary:ಎಮ್ ಚಂದ್ರ ಪೂಜಾರಿ
_920927
245 _aSamshodhana Javaabdaari: ಸಂಶೋಧನಾ ಜವಾಬ್ದಾರಿ
260 _aHampi
_bKannada Vishvavidyalaya
_c2018
300 _a99 p.
_bPB
_c21x13 cm.
365 _2Journalism
_aBLCR-000121
_b80.00
_c
_d100.00
_e20%
_f15-02-2022
650 _aSamshodhane: ಸಂಶೋಧನೆ
_920402
650 _aBhashe Mattu Adhyayana Vidhana: ಭಾಷೆ ಮತ್ತು ಅಧ್ಯಯನ ವಿಧಾನ
_920403
700 _aPoojari (M Chandra): ಪೂಜಾರಿ (ಎಮ್ ಚಂದ್ರ)
_920404
942 _2ddc
_cBK
999 _c221530
_d221530